000 00721nam a2200265Ia 4500
003 OSt
005 20221006150758.0
006 a|||||r|||| 00| 0
007 ta
008 221006b |||||||| |||| 00| 0 jpn d
020 _c¥4600
024 _a19,765
037 _bGift, Japan Foundation
_cTextual
040 _aEASL
_cEASL
_bjpn
041 _2jpn
_ajpn
082 _aT.42.N84, M5
100 _aKHIKAWA Shogo
_9657582
245 0 _aShogai kyoiku no riron to kozo
260 _aJapan
_bKyoiku Kaihatsu Kenkyujo Japan
_c1985
300 _a584p.
_ccm.
490 _v JL
650 _aJL
942 _hT.42.N84, M5
_cTEXL
_2CC
999 _c1087851
_d1087851